Statistics for Yet ANOTHER Monty Python Quiz

Click here to take the quiz!

General Stats

  • This quiz has been taken 165 times
  • The average score is 7 of 15

Answer Stats

Hint Answer % Correct
'Look, I took the liberty of examining that parrot and the only reason it had been sitting on its perch in the first place was that it had been ______ there'.Nailed
83%
'Well, the ____, eggs, sausage and ____...that's not got much ____ in it'.Spam
83%
Who was the only Beatle to appear on an episode of 'Monty Python's Flying Circus'?Ringo Starr
75%
What type of farm animals gets the idea in their heads to try and learn how to fly?Sheep
70%
Among the Wizzo Quality Assortment of chocolates is 'Crunchy ____'.Frog
62%
In Agnolo Bronzino's 'Venus, Cupid, Folly and Time', what part of Cupid's anatomy is used in the opening credits of each episode?Foot
59%
Military rank of Graham Chapman's officer who interrupts sketches going nowhere.Colonel
58%
'It's just after 8:00 and time for the ______ on top of your television set to explode'.Penguin
52%
What kind of creature is Spiny Norman?Hedgehog
48%
Musical composer Arthur '___ _____' JacksonTwo Sheds
44%
'What's brown and sounds like a bell?'Dung
38%
What are the married couple asking for when they inquire about 'dog kennels'?Mattresses
27%
What has two ears, a heart, a forehead and a beak for eating honey?Llama
19%
'The Royal Philharmonic Ochestra Goes To The ________'.Bathroom
17%
What Thomas Hardy book is being written in the 'Novel Writing' sketch?The Return of the Native
9%

Score Distribution

Percentile by Number Answered

Percent of People with Each Score

Your Score History

You have not taken this quiz